The Sacred Science (Record no. 335118)
[ view plain ]
| 000 -LEADER | |
|---|---|
| fixed length control field | 00462nam a2200097Ia 4500 |
| 008 - FIXED-LENGTH DATA ELEMENTS--GENERAL INFORMATION | |
| fixed length control field | 170517s9999 xx 000 0 und d |
| 245 #4 - TITLE STATEMENT | |
| Title | The Sacred Science |
| 300 ## - PHYSICAL DESCRIPTION | |
| Extent | A good friend of Nick Polizzi told him he had Parkinson's disease. He started trying to find out if there are any natural means to cure Parkinson's, because you can't do it with drugs. What he found is that... |
| 650 ## - SUBJECT ADDED ENTRY--TOPICAL TERM | |
| General subdivision | Technology. |
| 856 ## - ELECTRONIC LOCATION AND ACCESS | |
| Uniform Resource Identifier | <a href="http://topdocumentaryfilms.com/sacred-science/">http://topdocumentaryfilms.com/sacred-science/</a> |
| Withdrawn status | Lost status | Damaged status | Home library | Current library | Date acquired | Total Checkouts | Date last seen | Price effective from | Koha item type |
|---|---|---|---|---|---|---|---|---|---|
| College Library | College Library | 05/17/2017 | 05/17/2017 | 05/17/2017 | Documentary Films |